Vývoj spotřebitelských cen v 1. pololetí 1991.
Zvýšenie celkovej hladiny spotrebiteľských cien v priemere za I. polrok 1991 v porovnaní s rovnakým obdobím predchádzajúceho roku. Zmiernenie tempa rastu cien po ich výraznom raste v januári 1991. Rast životných nákladov v jednotlivých typoch domácností.
Salvato in:
| Natura: | Capitolo di libro |
|---|---|
| Lingua: | ceco |
| Soggetti: | |
| Tags: |
Nessun Tag, puoi essere il primo ad aggiungerne!!
|
MARC
| LEADER | 00000naa a2200000 4500 | ||
|---|---|---|---|
| 001 | r006063 | ||
| 005 | 20221125081049.2 | ||
| 041 | 0 | |a cze | |
| 044 | |a [CS] | ||
| 245 | 1 | 0 | |a Vývoj spotřebitelských cen v 1. pololetí 1991. |
| 520 | |a Zvýšenie celkovej hladiny spotrebiteľských cien v priemere za I. polrok 1991 v porovnaní s rovnakým obdobím predchádzajúceho roku. Zmiernenie tempa rastu cien po ich výraznom raste v januári 1991. Rast životných nákladov v jednotlivých typoch domácností. | ||
| 610 | 2 | 0 | |a ceny maloobchodné |
| 610 | 2 | 0 | |a 1991 |
| 610 | 2 | 0 | |a ČSFR |
| 610 | 2 | 0 | |a náklady životné |
| 610 | 2 | 0 | |a údaje štatistické |
| 610 | 2 | 0 | |a hladina cenová |